Electric circuits
Enregistré dans:
| Auteur principal: | |
|---|---|
| Format: | Livre |
| Langue: | Undetermined |
| Publié: |
New York, N.Y.
Pearson Prentice-Hall
2005
|
| Sujets: | |
| Tags: |
Ajouter un tag
Pas de tags, Soyez le premier à ajouter un tag!
|
| Thư viện lưu trữ: | Trung tâm Học liệu Trường Đại học Cần Thơ |
|---|
| LEADER | 00565nam a2200193Ia 4500 | ||
|---|---|---|---|
| 001 | CTU_237656 | ||
| 008 | 210402s9999 xx 000 0 und d | ||
| 082 | |a 621.319 | ||
| 082 | |b N695 | ||
| 100 | |a Nilsson, James W. | ||
| 245 | 0 | |a Electric circuits | |
| 245 | 0 | |c James W. Nilsson, Susan A. Riedel | |
| 260 | |a New York, N.Y. | ||
| 260 | |b Pearson Prentice-Hall | ||
| 260 | |c 2005 | ||
| 650 | |a Electric circuits | ||
| 904 | |i Minh | ||
| 910 | |a Sách kèm theo: AV.003531 ; CD kèm theo: AV.003530 | ||
| 980 | |a Trung tâm Học liệu Trường Đại học Cần Thơ | ||